000 00928nam a22002895i 4500
001 18852
003 ES-MaACL
005 20250829045053.0
007 t|
008 020321s1993 sp ||||0| spa j
020 _a84-7880-331-9
040 _aM-BN
_bspa
_cM-BN
080 _a329(460)
080 _a324(460)"1993"
100 1 _aSinova, Justino.
_9106650
245 1 3 _aUn millón de votos
_b: 6-J, la verdadera historia de las elecciones que alumbraron un nuevo orden político en España /
_cJustino Sinova.
250 _a1ª ed.
260 _aMadrid :
_bTemas de Hoy,
_c1993.
300 _a267 p. ;
_c23 cm.
490 1 _aGrandes temas ;
_v15
500 _aIndice.
610 2 _aPartido Socialista Obrero Español.
_96155
650 1 4 _aElecciones-
_zEspaña-
_y1993.
_912150
830 0 0 _aGrandes temas (Temas de Hoy)
_v15
_9237065
852 _aES-MaACL
_jG-4688
_bR.130845
999 _c18852
_d18852